| 000 | 01160cam a2200373 4500 | ||
|---|---|---|---|
| 001 | |||
| 003 | DO-SdBNP | ||
| 005 | 20230302121726.0 | ||
| 008 | 090519s2007 ag |||| 000 j spa | ||
| 015 | _a | ||
| 017 |
_a _b |
||
| 020 | _a9789875780651 | ||
| 035 | _a | ||
| 040 |
_aBPMSU _bspa _cBPMSU _e |
||
| 041 | 1 |
_aspa _h |
|
| 080 | _a | ||
| 082 |
_aA863.6 _bC827co 2007 _222 |
||
| 100 | 1 |
_aCortázar, Julio _d1809-1849 |
|
| 245 | 1 | 0 |
_aCuentos completos 3 / _c Julio Cortázar. _h |
| 250 | _a 2a. ed. | ||
| 260 |
_aBuenos Aires, Argentina : _bPunto de lectura, _c2007 |
||
| 300 |
_a427 p. ; _c22 cm |
||
| 490 | 0 |
_aPunto de lectura _aNarrativa _v16/9 |
|
| 500 | _a | ||
| 505 | _aLa autopista del sur -- La salud de los enfermos -- Reunión -- La señorita Cora -- La isla a mediodía --Instrucciones para John Howell -- Todos los fuegos, el fuego -- El otro cielo. | ||
| 590 | _6Inventariado, 2023/VM | ||
| 650 | 4 |
_a Cuentos argentinos _vColecciones |
|
| 650 | 4 | _aLiteratura argentina | |
| 700 | 1 |
_a _d |
|
| 700 | 1 |
_aVolpi, Jorge _d1968- |
|
| 740 | _aEl fuego | ||
| 910 | _aVMateo V. Control de calidad (BPMSU) | ||
| 942 |
_2ddc _cBK |
||
| 999 |
_c14366 _d14366 |
||